Top 30 : Alicia Keys - Statistiques

Statistiques générales
  • Ce quiz a été pris 12 fois
  • Le résultat moyen est 11 sur 30
Statistiques - réponses
Top Titres Featuring % Correct
2 Empire State Of Mind JAY-Z
100%
7 Empire State of Mind (Part II) Broken Down
100%
6 Fallin'
100%
5 Girl on Fire
75%
15 Girl On Fire - Inferno Version Nicki Minaj
75%
1 If I Ain't Got You
75%
4 My Boo USHER
75%
3 No One
75%
11 No One - Acoustic
75%
12 You Don't Know My Name
38%
24 A Woman's Worth
25%
23 Diary Tony! Toni! Toné!, Jermaine Paul
25%
20 Fireworks Drake
25%
9 Un-thinkable (I'm Ready)
25%
10 Un-thinkable (I'm Ready) - Remix Drake
25%
27 Another Way to Die Jack White
13%
14 City of Gods Fivio Foreign, Kanye West
13%
26 Doesn't Mean Anything
13%
18 Finally Swedish House Mafia
13%
16 Gangsta Lovin' Eve
13%
19 In Common
13%
17 It's On Again Kendrick Lamar
13%
21 Like Home Eminem
13%
29 Like You'll Never See Me Again
13%
22 Looking for Paradise Alejandro Sanz
13%
30 Morning Light Justin Timberlake
13%
28 ocean eyes - Recorded Live at Jungle City Studios
13%
25 Show Me Love Miguel
13%
13 Try Sleeping with a Broken Heart
13%
8 Underdog
13%
Aucun quiz correspondant
Distribution des résultats
% des personnes avec chaque résultat
Percentile par nombre de réponses
Votre historique - résultats
Vous n’avez pas pris ce quiz